Estrategias integrales de reactivación en un fraccionamiento periurbano de vivienda social : análisis comparativo de dos fraccionamientos : “El Rehilete”, Guanajuato y “ Los Silos”, Jalisco /

Gardado en:
Detalles Bibliográficos
Autor Principal: Sánchez Sánchez, Héctor (autor)
Formato: Tesis Libro
Idioma:Lingua castelá
Temas:
Acceso en liña:Ver documento en línea
Etiquetas: Engadir etiqueta
Sen Etiquetas, Sexa o primeiro en etiquetar este rexistro!

MARC

LEADER 00000nam^a2200000^a^4500
001 000391127
005 20251023000000.0
009 20260310121207.579
037 |a Acervo ITESO - Biblioteca 
041 |a ESP 
090 |a MCE. 16 
100 |a Sánchez Sánchez, Héctor  |e (autor) 
245 1 0 |a Estrategias integrales de reactivación en un fraccionamiento periurbano de vivienda social :  |b análisis comparativo de dos fraccionamientos : “El Rehilete”, Guanajuato y “ Los Silos”, Jalisco /  |c H. Sánchez Sánchez. 
264 |a Guadalajara, México :  |b edición de autor,  |c 2016 
300 |a 1 tesis electrónica en línea (116 p.) 
300 |a 1 recurso en línea 
336 |a datos para computadora  |b cod  |2 rdacontenido 
337 |a computadora  |b c  |2 rdamedio 
338 |a recurso en línea  |b cr  |2 rdasoporte 
502 |a ITESO Tesis de Maestría en Ciudad y Espacio Público Sustentable 
649 |a XX 
650 |a Vivienda de Interés Social -  |z Guadalajara, Jalisco -  |x Tema Principal 
650 |a Vivienda de Interés Social -  |z Celaya, Guanajuato -  |x Tema Principal 
650 |a Vivienda de Interés Social -  |z México 
650 |a Fraccionamientos -  |z Guadalajara, Jalisco 
650 |a Fraccionamientos -  |z Celaya, Guanajuato 
650 |a Fraccionamientos -  |z México 
650 |a Cohesión Social -  |z Guadalajara, Jalisco -  |x Tema Principal 
650 |a Cohesión Social -  |z Celaya, Guanajuato -  |x Tema Principal 
650 |a Cohesión Social -  |z México 
650 |a Integración Social -  |z Guadalajara, Jalisco 
650 |a Integración Social -  |z Celaya, Guanajuato 
650 |a Integración Social -  |z México 
650 |a Zonas Conurbadas -  |z Guadalajara, Jalisco 
650 |a Zonas Conurbadas -  |z Celaya, Guanajuato 
650 |a Zonas Conurbadas -  |z México 
650 |a Planeación Urbana -  |z Guadalajara, Jalisco 
650 |a Planeación Urbana -  |z Celaya, Guanajuato 
650 |a Planeación Urbana -  |z México 
650 |a Espacio Urbano -  |z Guadalajara, Jalisco 
650 |a Espacio Urbano -  |z Celaya, Guanajuato 
650 |a Espacio Urbano -  |z México 
650 |a Desarrollo Urbano -  |z Guadalajara, Jalisco 
650 |a Desarrollo Urbano -  |z Celaya, Guanajuato 
650 |a Desarrollo Urbano -  |z México 
650 |a Desarrollo Sustentable -  |z Guadalajara, Jalisco 
650 |a Desarrollo Sustentable -  |z Celaya, Guanajuato 
650 |a Desarrollo Sustentable -  |z México 
650 |a Urbanismo -  |z Guadalajara, Jalisco 
650 |a Urbanismo -  |z Celaya, Guanajuato 
650 |a Urbanismo -  |z México 
856 4 0 |u https://rei.iteso.mx/handle/11117/4038  |y Ver documento en línea 
910 |a Fondo General 
920 |a Electrónicos - Tesis del ITESO en Línea 
930 |a Repositorio Institucional 
905 |a 201 
901 |a 391127-1  |b IT2  |c ETI  |u 20250521 
902 |a https://opac.biblio.iteso.mx/vufind/Record/000391127